Cooking Time! Quiz Stats

Quiz Updated Sep 18, 2013

Challenge
Share
Tweet
Score 0/0 Timer 00:00
2 Plays Today
Image Food % Correct
10Salt Pork
95.4%
17Eggplant
94.6%
14White Rice
93.9%
8Granulated Sugar
90%
12Heavy Cream
89.6%
1Artichoke Hearts
88.4%
9Little Neck Clams
86.4%
2Spinach
84.1%
5Neapolitan Ice Cream
79.2%
22Italian Parsley
77.8%
3Cream Cheese
74.5%
7Egg Whites
73.6%
11Diced Potatoes
71.9%
18Tomato Sauce
70.8%
21Chickpeas
69.4%
Image Food % Correct
Final Product CClam Chowder (New England)
67.8%
20Basil
65.3%
4Sour Cream
62.4%
19Parmigiano-Reggiano Cheese
60.1%
Final Product AArtichoke and Spinach Dip
59.2%
6Pound Cake
58%
13Grape Leaves
48.9%
15Toasted Pine Nuts
47.7%
23Garlic
47.6%
Final Product EEggplant Parmigiana
43.8%
24Bread Crumbs
40.3%
Final Product BBaked Alaska
37.5%
Final Product FFalafel
36.2%
16Zante Currants
31.4%
Final Product DDolmathes
30.3%

You're not logged in!

Compare scores with friends on all Sporcle quizzes.
Sign Up with Email
OR
Log In

You Might Also Like...

Show Comments

Extras

Top Quizzes Today


Score Distribution

Your Account Isn't Verified!

In order to create a playlist on Sporcle, you need to verify the email address you used during registration. Go to your Sporcle Settings to finish the process.

Report this User

Report this user for behavior that violates our Community Guidelines.

Details: